Nová právna úprava sprísňuje od 1. októbra podmienky pre audítorskú činnosť
Sprísnenie podmienok na vykonávanie audítorskej činnosti je predmetom nového zákona, ktorý nadobudne účinnosť 1.10.1996. Novou legislatívnou úpravou sa zvyšujú kvalifikačné požiadavky na vykonávanie audítorskej činnosti pre fyzické aj právnické osoby, povinnosť zložiť odbornú skúšku každé 3 roky. Zá...
Salvato in:
| Autore principale: | |
|---|---|
| Natura: | Capitolo di libro |
| Lingua: | slovacco |
| Soggetti: | |
| Tags: |
Nessun Tag, puoi essere il primo ad aggiungerne!!
|
MARC
| LEADER | 00000naa a2200000 4500 | ||
|---|---|---|---|
| 001 | r021672 | ||
| 005 | 20230921075124.5 | ||
| 041 | 0 | |a slo | |
| 044 | |a SK | ||
| 245 | 1 | 0 | |a Nová právna úprava sprísňuje od 1. októbra podmienky pre audítorskú činnosť |c M. Butkovská |
| 520 | |a Sprísnenie podmienok na vykonávanie audítorskej činnosti je predmetom nového zákona, ktorý nadobudne účinnosť 1.10.1996. Novou legislatívnou úpravou sa zvyšujú kvalifikačné požiadavky na vykonávanie audítorskej činnosti pre fyzické aj právnické osoby, povinnosť zložiť odbornú skúšku každé 3 roky. Zákon zavádza inštitút povinného striedania sa audítorov pri výkone činnosti, sprísňuje podmienky na zápis do zoznamu audítorov, povinnosti účtovných jednotiek. | ||
| 610 | 2 | 0 | |a audítori |
| 610 | 2 | 0 | |a audítorstvo |
| 610 | 2 | 0 | |a úpravy právne |
| 610 | 2 | 0 | |a zákony |
| 610 | 2 | 0 | |a Slovensko |
| 610 | 2 | 0 | |a 1996 |
| 610 | 2 | 0 | |a kvalifikácia |
| 610 | 2 | 0 | |a jednotka účtovná |
| 100 | 1 | |a Butkovská, M. | |